000 00475nmm a2200169Ia 4500
008 251105s9999||||xx |||||||||||||||||und||
020 _a9791223045596
041 _aspa
100 _aMera, Juan León
245 0 _aPoesías devotas y nuevo mes de María
264 _a[Quito, Ecuador] :
_bCervantes Digital,
_c2024
300 _a181 páginas
490 _aReligiosos
650 _aReligion(s)
856 _uhttps://public.digitaliapublishing.com/a/162636
942 _cCF
999 _c98228
_d98228